|
|
|
|
| LEADER |
02167nam a2200349 a 4500 |
| 001 |
4944555 |
| 008 |
100111s1997 ctua b 001 0 eng d |
| 010 |
|
|
|a 96026552
|
| 020 |
|
|
|a 1565490649 (alk. paper)
|
| 020 |
|
|
|a 1565490630 (pbk. : alk. paper)
|
| 040 |
|
|
|a DLC
|c DLC
|d DLC
|d BD-DhAAL
|
| 082 |
0 |
0 |
|a 307.1/412/091722
|2 20
|
| 245 |
0 |
0 |
|a Reasons for hope :
|b instructive experiences in rural development /
|c editors, Anirudh Krishna, Norman Uphoff, Milton J. Esman.
|
| 260 |
|
|
|a West Hartford, Conn. :
|b Kumarian Press,
|c 1997.
|
| 300 |
|
|
|a vii, 322 p. :
|b ill. ;
|c 25 cm.
|
| 504 |
|
|
|a Includes bibliographical references (p. 299-304) and index.
|
| 541 |
1 |
|
|e 00005947
|
| 650 |
|
0 |
|a Rural development
|z Developing countries.
|
| 650 |
|
0 |
|a Agricultural development projects
|z Developing countries.
|
| 650 |
|
0 |
|a Human services
|z Developing countries.
|
| 650 |
|
0 |
|a Natural resources
|z Developing countries
|x Management.
|
| 700 |
1 |
|
|a Krishna, Anirudh,
|d 1958-
|
| 700 |
1 |
|
|a Uphoff, Norman Thomas.
|
| 700 |
1 |
|
|a Esman, Milton J.
|q (Milton Jacob),
|d 1918-
|
| 852 |
4 |
|
|a Ayesha Abed Library
|j General shelf
|
| 999 |
|
|
|c 6879
|d 6879
|
| 952 |
|
|
|0 0
|1 0
|2 ddc
|4 0
|6 307_141209172200000_REA_1997
|7 0
|9 7093
|a BRACUL
|b BRACUL
|c GEN
|d 2010-01-12
|l 1
|m 1
|o 307.1412091722 REA
|p 3010005947
|r 2023-08-03
|s 2023-01-29
|t 1
|w 2010-01-12
|y BK
|
| 952 |
|
|
|0 0
|1 0
|2 ddc
|4 0
|6 307_141209172200000_REA
|7 0
|9 7132
|a BRACUL
|b BRACUL
|c GEN
|d 2010-01-12
|l 0
|o 307.1412091722 REA
|p 3010012591
|r 2010-01-12
|t 2
|w 2010-01-12
|y BK
|x Price not available in Register
|
| 952 |
|
|
|0 0
|1 0
|2 ddc
|4 0
|6 307_141209172200000_REA
|7 0
|9 7133
|a BRACUL
|b BRACUL
|c GEN
|d 2010-01-12
|l 0
|o 307.1412091722 REA
|p 3010005946
|r 2010-01-12
|t 3
|w 2010-01-12
|y BK
|
| 952 |
|
|
|0 0
|1 0
|2 ddc
|4 0
|6 307_141209172200000_REA_1997
|7 0
|9 7134
|a BRACUL
|b BRACUL
|c GEN
|d 2010-01-12
|l 1
|m 1
|o 307.1412091722 REA
|p 3010005948
|r 2014-12-20
|s 2014-12-10
|t 4
|w 2010-01-12
|y BK
|
| 952 |
|
|
|0 0
|1 0
|2 ddc
|4 0
|6 307_141209172200000_REA_1997
|7 0
|9 7136
|a BRACUL
|b BRACUL
|c GEN
|d 2010-01-12
|l 0
|o 307.1412091722 REA
|p 3010005945
|r 2010-01-12
|t 5
|w 2010-01-12
|y BK
|
| 952 |
|
|
|0 0
|1 0
|2 ddc
|4 0
|6 307_141209172200000_REA_1997
|7 0
|9 7183
|a BRACUL
|b BRACUL
|c GEN
|d 2010-01-13
|l 0
|o 307.1412091722 REA
|p 3010005923
|r 2010-01-13
|t 6
|w 2010-01-13
|y BK
|